[Event "Gdansk op 12th "]
[Site "Gdansk"]
[Date "2010.07.20"]
[Round "5"]
[White "Krawczyk, Andrzej Jr"]
[Black "Piepiorka, Paulina"]
[Result "1-0"]
[WhiteElo "2137"]
[BlackElo "1865"]
[PlyCount "69"]
[EventDate "2010.07.17"]
[EventType "swiss"]
[EventRounds "9"]
[EventCountry "POL"]
[SourceTitle "EXT 2011"]
[Source "ChessBase"]
[SourceDate "2010.11.26"]
[SourceVersion "1"]
[SourceVersionDate "2010.11.26"]
[SourceQuality "1"]

1. e4 c5 2. Nc3 Nc6 3. g3 d6 4. Bg2 Nf6 5. d3 g6 6. h3 Bg7 7. Nge2 Bd7 8. 0-0 Qc8 9. Kh2 h5 10. Be3 h4 11. g4 Nxg4+ 12. hxg4 Bxg4 13. f3 h3 14. Bh1 Ne5 15. Qd2 d5 16. Nxd5 e6 17. Ndc3 Qc7 18. Ng3 Bf8 19. Bf4 Bd6 20. Nb5 Qb6 21. Nxd6+ Qxd6 22. Bxe5 Qxe5 23. fxg4 0-0-0 24. Qc3 Qc7 25. b4 b6 26. bxc5 bxc5 27. Qf6 Qa5 28. Rf2 c4 29. Qb2 Qc5 30. Rxf7 Qc6 31. Rb1 Qb6 32. Qe5 Qd6 33. Qb5 Rd7 34. Rxd7 Qxd7 35. Qb8# 1-0

[Event "Wroclaw op 5th"]
[Site "Wroclaw"]
[Date "2010.06.28"]
[Round "4"]
[White "Iwanow, Anna"]
[Black "Krawczyk, Andrzej Jr"]
[Result "1-0"]
[WhiteElo "2097"]
[BlackElo "2137"]
[PlyCount "115"]
[EventDate "2010.06.26"]
[EventType "swiss"]
[EventRounds "9"]
[EventCountry "POL"]
[SourceTitle "CBM 137 Extra"]
[Source "ChessBase"]
[SourceDate "2010.09.01"]
[SourceVersion "1"]
[SourceVersionDate "2010.09.01"]
[SourceQuality "1"]

1. e4 e6 2. d4 d5 3. Nc3 Bb4 4. e5 c5 5. a3 Bxc3+ 6. bxc3 Ne7 7. Qg4 Qc7 8. Qxg7 Rg8 9. Qxh7 cxd4 10. Ne2 Nbc6 11. f4 Bd7 12. Qd3 dxc3 13. Nxc3 0-0-0 14. Rb1 Nf5 15. Nb5 Qa5+ 16. Bd2 Qa4 17. g4 Rxg4 18. Bh3 Rdg8 19. Bxg4 Rxg4 20. Qh3 Rg8 21. Qd3 Rg2 22. Kf1 Rg6 23. Rg1 Rxg1+ 24. Kxg1 a6 25. Nd6+ Nxd6 26. exd6 a5 27. Qb3 Qxb3 28. Rxb3 Nd4 29. Rh3 Bc6 30. Kf2 Kd7 31. Bxa5 Nxc2 32. Bc7 Nd4 33. Rh7 Nf5 34. Rxf7+ Ke8 35. Rf6 Kd7 36. Rf7+ Ke8 37. Rh7 d4 38. Ke2 Bb5+ 39. Kd2 d3 40. Rh3 Nd4 41. Rxd3 Bxd3 42. Kxd3 Nf3 43. h3 Nh4 44. Kd4 Ng6 45. Ke4 Nf8 46. f5 Kf7 47. h4 Nd7 48. fxe6+ Kxe6 49. Kf4 Kf6 50. h5 Nf8 51. Bd8+ Kg7 52. Be7 Ne6+ 53. Ke5 Nc5 54. Kd5 Nd7 55. Bg5 Kf7 56. h6 Nf8 57. h7 Kg7 58. Bh6+ 1-0

[Event "London Classic op"]
[Site "London"]
[Date "2009.12.15"]
[Round "9"]
[White "Krawczyk, Andrzej Jr"]
[Black "Britton, Richard"]
[Result "1/2-1/2"]
[WhiteElo "2152"]
[BlackElo "2254"]
[PlyCount "51"]
[EventDate "2009.12.08"]
[EventType "swiss"]
[EventRounds "9"]
[EventCountry "ENG"]
[SourceTitle "CBM 133 Extra"]
[Source "ChessBase"]
[SourceDate "2010.01.05"]
[SourceVersion "1"]
[SourceVersionDate "2010.01.05"]
[SourceQuality "1"]

1. e4 c5 2. Nc3 Nc6 3. g3 g6 4. Nge2 e5 5. Bg2 Bg7 6. d3 Nge7 7. Be3 d6 8. 0-0 0-0 9. Qd2 Nd4 10. f4 exf4 11. Nxf4 Rb8 12. Rae1 b5 13. Ncd5 b4 14. c3 bxc3 15. bxc3 Ndc6 16. Rb1 Rxb1 17. Rxb1 Nxd5 18. Nxd5 Qa5 19. Bh6 Be6 20. Bxg7 Kxg7 21. Nf4 Qxa2 22. Rb2 Qa6 23. Nh5+ gxh5 24. Qg5+ Kh8 25. Qf6+ Kg8 26. Qg5+ 1/2-1/2

[Event "London Classic op"]
[Site "London"]
[Date "2009.12.12"]
[Round "6"]
[White "Sinanan, Joshua C"]
[Black "Krawczyk, Andrzej Jr"]
[Result "1-0"]
[WhiteElo "2249"]
[BlackElo "2152"]
[PlyCount "89"]
[EventDate "2009.12.08"]
[EventType "swiss"]
[EventRounds "9"]
[EventCountry "ENG"]
[SourceTitle "CBM 133 Extra"]
[Source "ChessBase"]
[SourceDate "2010.01.05"]
[SourceVersion "1"]
[SourceVersionDate "2010.01.05"]
[SourceQuality "1"]

1. d4 Nf6 2. c4 c5 3. d5 b5 4. cxb5 a6 5. bxa6 Bxa6 6. Nc3 g6 7. g3 d6 8. Bg2 Bg7 9. Nf3 Nbd7 10. Rb1 Ng4 11. Qc2 0-0 12. 0-0 Qa5 13. Bg5 Rfe8 14. Rfd1 Nb6 15. h3 Ne5 16. Nxe5 Bxe5 17. e4 Nc4 18. Rbc1 Reb8 19. b3 Na3 20. Qd2 Ra7 21. Qe3 Bb5 22. f4 Bd4 23. Rxd4 cxd4 24. Qxd4 f6 25. Bh6 Bd7 26. e5 Qb6 27. Ne2 Qxd4+ 28. Nxd4 Rc8 29. Nc6 Bxc6 30. dxc6 Ra5 31. b4 Ra4 32. Bd5+ Kh8 33. exf6 exf6 34. Re1 Ra7 35. f5 gxf5 36. Re6 Nb5 37. a4 Nc3 38. Rxd6 Rxa4 39. Be6 Rca8 40. c7 Ra1+ 41. Kg2 R8a2+ 42. Bxa2 Rxa2+ 43. Rd2 Ra8 44. Rd8+ Rxd8 45. cxd8R# 1-0

[Event "Gdansk op"]
[Site "Gdansk"]
[Date "2009.07.25"]
[Round "8"]
[White "Krawczyk, Andrzej Jr"]
[Black "Nester, Ihor"]
[Result "1/2-1/2"]
[WhiteElo "2107"]
[BlackElo "2390"]
[PlyCount "43"]
[EventDate "2009.07.19"]
[EventType "swiss"]
[EventRounds "9"]
[EventCountry "POL"]
[SourceTitle "CBM 131 Extra"]
[Source "ChessBase"]
[SourceDate "2009.09.03"]
[SourceVersion "2"]
[SourceVersionDate "2009.09.16"]
[SourceQuality "1"]

1. e4 e5 2. Nf3 Nc6 3. Bc4 Nf6 4. d3 Be7 5. 0-0 0-0 6. Bb3 d6 7. c3 h6 8. h3 Kh8 9. Re1 Nh7 10. d4 Ng5 11. Bxg5 Bxg5 12. dxe5 Nxe5 13. Nxe5 dxe5 14. Qxd8 Bxd8 15. Nd2 a5 16. Bd1 Bg5 17. Nc4 Re8 18. Ba4 c6 19. Nd6 Re7 20. Nxc8 Rxc8 21. Red1 b5 22. Bc2 1/2-1/2

[Event "Gdansk op"]
[Site "Gdansk"]
[Date "2009.07.20"]
[Round "3"]
[White "Jaroch, Pawel"]
[Black "Krawczyk, Andrzej Jr"]
[Result "0-1"]
[WhiteElo "2243"]
[BlackElo "2107"]
[PlyCount "98"]
[EventDate "2009.07.19"]
[EventType "swiss"]
[EventRounds "9"]
[EventCountry "POL"]
[SourceTitle "CBM 131 Extra"]
[Source "ChessBase"]
[SourceDate "2009.09.03"]
[SourceVersion "2"]
[SourceVersionDate "2009.09.16"]
[SourceQuality "1"]

1. c4 e5 2. Nc3 Nc6 3. Nf3 g6 4. d4 exd4 5. Nxd4 Bg7 6. Nc2 d6 7. Qd2 Nf6 8. e4 0-0 9. Be2 Re8 10. f3 Nh5 11. 0-0 f5 12. f4 Nf6 13. exf5 Bxf5 14. Bd3 Kh8 15. Bxf5 gxf5 16. b3 Ne4 17. Nxe4 Rxe4 18. Rb1 Nd4 19. Nxd4 Bxd4+ 20. Kh1 Qf6 21. Bb2 Rae8 22. Bxd4 Qxd4 23. Qxd4+ Rxd4 24. Rf2 Re3 25. g3 Kg7 26. Kg2 Kf6 27. Rbb2 Rde4 28. Rf3 Re1 29. Rf1 Rxf1 30. Kxf1 c6 31. Rd2 Ke6 32. Kf2 h5 33. Kf3 Re1 34. Re2+ Rxe2 35. Kxe2 d5 36. Kd3 c5 37. h3 Kd6 38. h4 Kc6 39. a3 dxc4+ 40. bxc4 b5 41. cxb5+ Kxb5 42. Kc3 Kc6 43. Kc4 Kd6 44. a4 Kc6 45. a5 a6 46. Kd3 Kd5 47. Ke3 c4 48. Kd2 Kd4 49. Kc2 c3 0-1

[Event "Stare Mesto op"]
[Site "Stare Mesto"]
[Date "2008.08.10"]
[Round "4"]
[White "Kriebel, Tadeas"]
[Black "Krawczyk, Andrzej Jr"]
[Result "1-0"]
[WhiteElo "1973"]
[BlackElo "2161"]
[PlyCount "41"]
[EventDate "2008.08.08"]
[EventType "swiss"]
[EventRounds "10"]
[EventCountry "CZE"]
[SourceTitle "CBM 125 Extra"]
[Source "ChessBase"]
[SourceDate "2008.09.01"]
[SourceVersion "1"]
[SourceVersionDate "2008.09.01"]
[SourceQuality "1"]

1. Nf3 Nf6 2. c4 g6 3. Nc3 Bg7 4. e4 d6 5. d4 0-0 6. Be2 Nbd7 7. 0-0 Ne8 8. Bf4 c5 9. Bg3 e5 10. dxe5 dxe5 11. Nxe5 Nc7 12. Nf3 Ne6 13. Qc2 Qa5 14. a3 Nb8 15. Rad1 Nc6 16. Nd5 a6 17. Bd6 Rd8 18. e5 Rd7 19. b4 cxb4 20. axb4 Qd8 21. b5 1-0

[Event "POL-chT 2nd League"]
[Site "Wysowa"]
[Date "2007.09.09"]
[Round "7"]
[White "Migala, Andrzej"]
[Black "Krawczyk, Andrzej Jr"]
[Result "0-1"]
[WhiteElo "2102"]
[BlackElo "2149"]
[PlyCount "110"]
[EventDate "2007.09.03"]
[EventType "team-swiss"]
[EventRounds "9"]
[EventCountry "POL"]
[SourceTitle "EXT 2010"]
[Source "ChessBase"]
[SourceDate "2010.11.25"]
[SourceVersion "1"]
[SourceVersionDate "2010.11.25"]
[SourceQuality "1"]
[WhiteTeam "Ostroda Ostrodzianka"]
[BlackTeam "Gdanski Drapol Jantar Pruszcz"]
[WhiteTeamCountry "POL"]
[BlackTeamCountry "POL"]

1. e4 e6 2. d4 d5 3. e5 c5 4. c3 Qb6 5. Nf3 Nc6 6. a3 Bd7 7. b4 cxd4 8. cxd4 Rc8 9. Be3 Nh6 10. Bd3 Ng4 11. 0-0 Be7 12. Nbd2 Nxe3 13. fxe3 Nb8 14. Qb1 Bb5 15. Nb3 Rc3 16. Nc5 Bxd3 17. Nxd3 0-0 18. Rc1 Rxc1+ 19. Qxc1 Qb5 20. Qc3 Qc4 21. Qxc4 dxc4 22. Nc5 b6 23. Na4 b5 24. Nc3 a6 25. Nd2 Nd7 26. Nde4 Nb6 27. Rb1 Ra8 28. Kf2 Nd5 29. Ke2 f5 30. exf6 gxf6 31. Kd2 Kf7 32. Nxd5 exd5 33. Nc3 Rd8 34. g4 Ke6 35. Rf1 Rg8 36. h3 h5 37. Rf5 hxg4 38. hxg4 Rxg4 39. Rxd5 Rg2+ 40. Kc1 Rh2 41. e4 Bd6 42. Rf5 Rh3 43. Kc2 Rd3 44. d5+ Ke7 45. Rh5 Be5 46. Rh7+ Kd6 47. Nb1 Re3 48. Ra7 Re2+ 49. Kd1 Rxe4 50. Rxa6+ Kxd5 51. Rb6 Rg4 52. Rxb5+ Ke4 53. Rb7 Kd3 54. Rd7+ Bd4 55. Re7 c3 0-1

[Event "Gdansk-ch"]
[Site "Gdansk"]
[Date "2007.07.27"]
[Round "7"]
[White "Krawczyk, Andrzej Jr"]
[Black "Bugalski, Michal"]
[Result "0-1"]
[WhiteElo "2149"]
[BlackElo "2267"]
[PlyCount "81"]
[EventDate "2007.07.22"]
[EventType "swiss"]
[EventRounds "9"]
[EventCountry "POL"]
[SourceTitle "CBM 119 Extra"]
[Source "ChessBase"]
[SourceDate "2007.09.04"]
[SourceVersion "1"]
[SourceVersionDate "2007.09.04"]
[SourceQuality "1"]

1. e4 c5 2. Nc3 Nc6 3. g3 g6 4. Bg2 Bg7 5. d3 d6 6. Be3 e5 7. Nge2 Nge7 8. 0-0 Nd4 9. f4 0-0 10. Qd2 f5 11. Rae1 Be6 12. h3 Qd7 13. Kh2 Rad8 14. Nc1 b6 15. Nd1 d5 16. fxe5 dxe4 17. dxe4 Nf3+ 18. Rxf3 Qxd2 19. Bxd2 Rxd2 20. Rf2 Rxf2 21. Nxf2 f4 22. gxf4 Rxf4 23. Kg1 Rf8 24. Rd1 Bxe5 25. c3 g5 26. Ncd3 Ng6 27. Nxe5 Nxe5 28. a4 Bb3 29. Rd6 Nc4 30. Rd7 Rf7 31. Rd8+ Kg7 32. Bf1 Ne5 33. a5 Nc6 34. Rd3 Nxa5 35. Rg3 Kf6 36. Nd3 Nc6 37. Nc1 Be6 38. Bb5 Ne5 39. Kf2 h6 40. Ke3 Bc4 41. Rf3+ 0-1

[Event "Gdansk-ch"]
[Site "Gdansk"]
[Date "2007.07.26"]
[Round "6"]
[White "Krzywkowski, Marcin"]
[Black "Krawczyk, Andrzej Jr"]
[Result "0-1"]
[WhiteElo "1861"]
[BlackElo "2149"]
[PlyCount "50"]
[EventDate "2007.07.22"]
[EventType "swiss"]
[EventRounds "9"]
[EventCountry "POL"]
[SourceTitle "CBM 119 Extra"]
[Source "ChessBase"]
[SourceDate "2007.09.04"]
[SourceVersion "1"]
[SourceVersionDate "2007.09.04"]
[SourceQuality "1"]

1. d4 Nf6 2. c4 c5 3. d5 b5 4. Nf3 g6 5. cxb5 a6 6. Nc3 Bg7 7. d6 Bb7 8. Bf4 e6 9. Rc1 axb5 10. e3 0-0 11. Bxb5 Qb6 12. 0-0 Nd5 13. a4 Nxf4 14. exf4 Nc6 15. Ne4 Nd4 16. Nxc5 Bxf3 17. gxf3 Qxd6 18. Nxd7 Qxf4 19. Kg2 Rfd8 20. Nc5 Nxb5 21. Nd3 Qg5+ 22. Kh1 Nd4 23. f4 Qa5 24. Ra1 Qd5+ 25. f3 Nb3 0-1

[Event "Gdansk-ch"]
[Site "Gdansk"]
[Date "2007.07.25"]
[Round "5"]
[White "Krawczyk, Andrzej Jr"]
[Black "Koziak, Vitali"]
[Result "1/2-1/2"]
[WhiteElo "2149"]
[BlackElo "2441"]
[PlyCount "36"]
[EventDate "2007.07.22"]
[EventType "swiss"]
[EventRounds "9"]
[EventCountry "POL"]
[SourceTitle "CBM 119 Extra"]
[Source "ChessBase"]
[SourceDate "2007.09.04"]
[SourceVersion "1"]
[SourceVersionDate "2007.09.04"]
[SourceQuality "1"]

1. e4 c5 2. Nc3 e6 3. Nge2 d5 4. exd5 exd5 5. d4 Nf6 6. Bg5 Be6 7. Nf4 cxd4 8. Qxd4 Nc6 9. Bxf6 gxf6 10. Bb5 a6 11. Bxc6+ bxc6 12. Nd3 Bd6 13. Na4 Rg8 14. 0-0-0 Rg4 15. f4 Rxg2 16. Rdg1 Rxg1+ 17. Rxg1 Kf8 18. Nac5 Qe7 1/2-1/2

[Event "Polanica Zdroj op-A 42nd"]
[Site "Polanica Zdroj"]
[Date "2006.08.22"]
[Round "4"]
[White "Krawczyk, Andrzej Jr"]
[Black "Janiszewski, Maciej"]
[Result "1-0"]
[WhiteElo "2154"]
[BlackElo "2100"]
[PlyCount "57"]
[EventDate "2006.08.19"]
[EventType "swiss"]
[EventRounds "7"]
[EventCountry "POL"]
[SourceTitle "CBM 113 Extra"]
[Source "ChessBase"]
[SourceDate "2006.09.14"]
[SourceVersion "1"]
[SourceVersionDate "2006.09.14"]
[SourceQuality "1"]

1. e4 c5 2. Nc3 g6 3. g3 Bg7 4. Bg2 e6 5. d3 Ne7 6. Be3 d6 7. Qd2 h5 8. h3 Nbc6 9. Nge2 Nd4 10. 0-0 e5 11. f4 f5 12. Rae1 0-0 13. Nd1 fxe4 14. dxe4 Be6 15. c3 Nxe2+ 16. Qxe2 Qd7 17. f5 gxf5 18. Qxh5 Bf7 19. Qh4 Bxa2 20. Bg5 Ng6 21. Qh5 Bf7 22. Rxf5 Ne7 23. Qh4 Nxf5 24. exf5 Bb3 25. Ne3 Qf7 26. c4 e4 27. Bxe4 Bxc4 28. f6 Bh8 29. Ng4 1-0

[Event "Polanica Zdroj op-A 42nd"]
[Site "Polanica Zdroj"]
[Date "2006.08.20"]
[Round "2"]
[White "Krawczyk, Andrzej Jr"]
[Black "Kowalski, Lukasz"]
[Result "1-0"]
[WhiteElo "2154"]
[BlackElo "2083"]
[PlyCount "107"]
[EventDate "2006.08.19"]
[EventType "swiss"]
[EventRounds "7"]
[EventCountry "POL"]
[SourceTitle "CBM 113 Extra"]
[Source "ChessBase"]
[SourceDate "2006.09.14"]
[SourceVersion "1"]
[SourceVersionDate "2006.09.14"]
[SourceQuality "1"]

1. e4 c5 2. Nc3 Nc6 3. g3 g6 4. Bg2 Bg7 5. d3 d6 6. Be3 e6 7. Nge2 Rb8 8. a4 Nd4 9. 0-0 Ne7 10. Qd2 0-0 11. Nc1 Qa5 12. Ra3 a6 13. Nd5 Qd8 14. Nxe7+ Qxe7 15. c3 Nc6 16. f4 Bd7 17. Qf2 b6 18. Ra1 Na5 19. Ne2 f5 20. h3 Rfe8 21. g4 Bc6 22. Ng3 Qd7 23. Rae1 fxe4 24. dxe4 Bxa4 25. f5 Bb5 26. f6 Bxf1 27. Rxf1 Rf8 28. g5 Rf7 29. Qe2 Bf8 30. Qxa6 c4 31. Ne2 Qb7 32. Qb5 Qc6 33. Nd4 Qxb5 34. Nxb5 Rd7 35. Rd1 Nb3 36. Bf1 Na5 37. Kf2 Rbb7 38. h4 Kf7 39. Nd4 Nb3 40. Nxe6 Nc5 41. Nf4 Ke8 42. Bxc4 b5 43. Bd5 Rbc7 44. Bd4 Rc8 45. Ke3 Rdc7 46. Rh1 Nd7 47. f7+ Ke7 48. Nd3 Nc5 49. Nf4 Nd7 50. Nd3 Nc5 51. Nb4 Ne6 52. Bb6 Rd7 53. Nc6+ Kxf7 54. Rf1+ 1-0

[Event "Gdansk-ch 8th"]
[Site "Gdansk"]
[Date "2006.07.23"]
[Round "1"]
[White "Zielinski, Wojciech"]
[Black "Krawczyk, Andrzej Jr"]
[Result "1/2-1/2"]
[WhiteElo "1886"]
[BlackElo "2154"]
[PlyCount "60"]
[EventDate "2006.07.23"]
[EventType "swiss"]
[EventRounds "9"]
[EventCountry "POL"]
[SourceTitle "EXT 2008"]
[Source "ChessBase"]
[SourceDate "2007.11.25"]
[SourceVersion "1"]
[SourceVersionDate "2007.11.25"]
[SourceQuality "1"]

1. e4 e6 2. d3 d5 3. Nd2 Nf6 4. e5 Nfd7 5. f4 c5 6. g3 Nc6 7. Bg2 g5 8. fxg5 Ndxe5 9. Ngf3 Bg7 10. 0-0 0-0 11. Nxe5 Nxe5 12. Nf3 Qb6 13. Nxe5 Bxe5 14. c3 Bg7 15. Qh5 Qb5 16. c4 Qb4 17. h4 b5 18. cxb5 Qd4+ 19. Kh2 Qxd3 20. Bf4 e5 21. Rad1 Qxb5 22. Bxd5 exf4 23. Be4 fxg3+ 24. Kg1 h6 25. gxh6 Qxb2 26. Bh7+ Kxh7 27. hxg7+ Kxg7 28. Rxf7+ Rxf7 29. Qg5+ Kh7 30. Qh5+ Kg7 1/2-1/2

[Event "Pardubice op-B"]
[Site "Pardubice"]
[Date "2005.07.??"]
[Round "1"]
[White "Sabol, Marian"]
[Black "Krawczyk, Andrzej Jr"]
[Result "1-0"]
[WhiteElo "2350"]
[BlackElo "2073"]
[PlyCount "71"]
[EventDate "2005.07.22"]
[EventType "swiss"]
[EventRounds "9"]
[EventCountry "CZE"]
[SourceTitle "CBM 107 Extra"]
[Source "ChessBase"]
[SourceDate "2005.09.01"]
[SourceVersion "1"]
[SourceVersionDate "2005.09.01"]
[SourceQuality "1"]

1. b3 Nf6 2. Bb2 d5 3. e3 Bf5 4. d3 c5 5. Nd2 Nc6 6. h3 e6 7. g4 Bg6 8. Ne2 Qa5 9. a3 Be7 10. Bg2 0-0 11. 0-0 Nd7 12. f4 f5 13. Ng3 Bf6 14. Bxf6 Nxf6 15. g5 Ne8 16. c4 Ne7 17. Nf3 Nd6 18. Qc2 Rfd8 19. Ne5 Be8 20. b4 cxb4 21. axb4 Qc7 22. Qa2 dxc4 23. dxc4 Nf7 24. Nf3 e5 25. Qb2 exf4 26. Nh5 Ne5 27. Nxe5 Bxh5 28. exf4 Nc6 29. Bd5+ Kh8 30. b5 Qb6+ 31. Qf2 Nd4 32. Kh2 Rac8 33. Ra2 Nxb5 34. Qxb6 axb6 35. Bf7 Nc3 36. Rc2 1-0